Abriß der Egerer und egerländischen Historiographie

Titel: Abriß der Egerer und egerländischen Historiographie
Verfasser:
In: Archivalische Zeitschrift, Band 80 (1997), Seite 181-194
alle Artikel anzeigen
Veröffentlicht: 1997
Format: Aufsatz
Sprache: Deutsch
Kein Bild verfügbar
X
alg: 39156359
001A    $01999:11-11-16 
001B    $01999:15-05-21 $t20:59:39.000 
001C    $06050:19-11-16 $t08:46:13.000 
001D    $01999:11-11-16 
001U    $0utf8 
001X    $00 
002@    $0Aox 
003@    $0391563599 
007A    $0391563599 $aHEB 
007T    $0Herd09135 
010@    $ager 
011@    $a1997 
021A    $aAbriß der Egerer und egerländischen Historiographie 
028A    $#Glavaček, Ivan $#Hlaváček-Hledíková, ... $#Hlaváčka, Ivana $#Hlaváček, I. $7119194910 $8Hlaváček, Ivan$Z1931- [Tp1] $9087534924 
031A    $d80 $h181-194 $j1997 
039B    $aIn $8--Abvc--. Archivalische Zeitschrift. - Köln : Böhlau, 1876-. - ISSN 0003-9497 $x199700000800000819 $9047256281 
045F    $a307.094371 $eDDC23BSB 
045F/01 $a307.09 
045F/03 $g4371 
045T    $a8 

lok: 39156359 78

exp: 39156359 78 1 #EPN
201B/01 $026-11-20 $t22:54:59.000 
201U/01 $0utf8 
203@/01 $0787657824 
208@/01 $a11-11-16 $be 
209A/01 $a/ $f000 $x00 
220C/01 $aTitelaufnehmer: nk;as 
244Z/01 $#Tschechien $#Tschechische Republik $#Tschechische Republik $#Tschechenland $#Tschechei Tschechien $#Česká Republika $#Czech Republic $#ČR $74303381-7 $8--Tg1--Tschechien $x01 $9086659812 
244Z/01 $2Trx $#Böhmen $#Bohemia $#Czechy $8--Trx--Čechy $x02 $9391188941 
244Z/01 $#Chebsko $74013600-0 $8--Tg1--Egerland $x03 $9085030007 
244Z/01 $aGeschichte 1843-1982 $x04 
244Z/01 $2Trx $#historiograafia üldine $#istoriografija bendras $#Historiography $#történetírás általános $#historiografia ogólnie $#historiografia všeobecne $#historiografie všeobecně $#Geschichtsschreibung $#dejepis $8--Trx--Historiographie$gallgemein $x05 $9391362593 
244Z/01 $2Trx $#arhiivid üldine $#archyvai bendras $#Archives general $#levéltárak általában $#archiwa ogólnie $#archívy všeobecne $#archivy všeobecné $8--Trx--Archive$gallgemein $x06 $9391357085 
244Z/01 $2Trx $8--Trx--Zeitschriftenaufsatz $x07 $9391384341 
245Z/01 $a13.02 $x01 
245Z/01 $a01.05 $x02 
247C/01 $82080>Marburg/Lahn, Herder-Institut, Forschungsbibliothek, Bibliographieportal $9336309341
LEADER 00000caa a22000002c 4500
001 391563599
003 DE-603
005 20210515205939.0
007 tu
008 161111s1997 xx |||| | u00||u|ger c
035 |a (DE-599)HEB391563599 
040 |a DE-603  |b ger  |c DE-603  |d DE-603 
041 |a ger 
082 0 4 |8 1\u  |a 307.094371  |q DE-101  |2 23/BSB 
084 |a 8  |2 ssgn 
085 |8 1\u  |b 307.09 
085 |8 1\u  |z 2  |s 4371 
100 1 |a Hlaváček, Ivan  |d 1931-  |0 (DE-603)087534924  |0 (DE-588)119194910  |2 gnd 
245 0 0 |a Abriß der Egerer und egerländischen Historiographie 
264 0 |c 1997 
773 0 8 |i In  |t Archivalische Zeitschrift  |d Köln : Böhlau, 1876-  |x 0003-9497  |g Band 80 (1997), Seite 181-194  |w (DE-603)047256281  |w (DE-600)201051-3 
924 0 |9 2080  |a (DE-603)787657824  |b DE-2080  |c HES  |d d  |g /